Vincitori ATP Finals - Singolare - Statistics

Statistiche generali
  • Questo quiz è stato fatto 24 volte
    13 dall'ultimo reset
  • Il punteggio medio è 32 su 55
Statistiche sulle risposte
Anno Nazione Tennista vincitore % Corretto
2020 Russia Daniil Medvedev
100%
2003 Svizzera Roger Federer
100%
2004 Svizzera Roger Federer
100%
2006 Svizzera Roger Federer
100%
2007 Svizzera Roger Federer
100%
2010 Svizzera Roger Federer
100%
2011 Svizzera Roger Federer
100%
2008 Serbia Novak Djokovic
92%
2012 Serbia Novak Djokovic
92%
2013 Serbia Novak Djokovic
92%
2014 Serbia Novak Djokovic
92%
2015 Serbia Novak Djokovic
92%
2022 Serbia Novak Djokovic
92%
2019 Grecia Stefanos Tsitsipas
92%
2018 Germania Alexander Zverev
83%
2021 Germania Alexander Zverev
83%
1990 Stati Uniti Andre Agassi
75%
2016 Regno Unito Andy Murray
75%
2017 Bulgaria Grigor Dimitrov
75%
1979 Svezia Björn Borg
67%
1980 Svezia Björn Borg
67%
1981 Cecoslovacchia Ivan Lendl
67%
1982 Cecoslovacchia Ivan Lendl
67%
1985 Cecoslovacchia Ivan Lendl
67%
1986 Cecoslovacchia Ivan Lendl
67%
1987 Cecoslovacchia Ivan Lendl
67%
1978 Stati John McEnroe
67%
1983 Stati Uniti John McEnroe
67%
1984 Stati Uniti John McEnroe
67%
1991 Stati Uniti Pete Sampras
58%
1994 Stati Uniti Pete Sampras
58%
1996 Stati Uniti Pete Sampras
58%
1997 Stati Uniti Pete Sampras
58%
1999 Stati Uniti Pete Sampras
58%
2024 Italia Jannik Sinner
42%
2023 Serbia Novak Djokovic
42%
1988 Germania Ovest Boris Becker
33%
1992 Germania Boris Becker
33%
1995 Germania Boris Becker
33%
2005 Argentina David Nalbandian
33%
1971 Romania Ilie Năstase
33%
1972 Romania Ilie Năstase
33%
1973 Romania Ilie Năstase
33%
1975 Romania Ilie Năstase
33%
1977 Stati Uniti Jimmy Connors
33%
2001 Australia Lleyton Hewitt
33%
2002 Australia Lleyton Hewitt
33%
1989 Svezia Stefan Edberg
33%
2000 Brasile Gustavo Kuerten
17%
2009 Russia Nikolaj Davydenko
17%
1993 Germania Michael Stich
8%
1998 Spagna Àlex Corretja
0%
1974 Argentina Guillermo Vilas
0%
1976 Spagna Manuel Orantes
0%
1970 Stati Uniti Stan Smith
0%
Nessun quiz corrispondente trovato
Distribuzione punteggi
Percentuale di utenti per punteggio
Percentile per numero di risposta
I tuoi punteggi nel tempo
Non hai fatto questo quiz dall'ultimo reset